[Event "Sachsen-ch U08"]
[Site "Sebnitz"]
[Date "2009.04.18"]
[Round "7"]
[White "Mueller, Hannes"]
[Black "Hermann, Stefan"]
[Result "0-1"]
[WhiteElo "660"]
[BlackElo "736"]
[PlyCount "60"]
[EventDate "2009.04.14"]
[EventType "swiss"]
[EventRounds "7"]
[EventCountry "GER"]
[SourceTitle "EXT 2010"]
[Source "ChessBase"]
[SourceDate "2010.11.25"]
[SourceVersion "1"]
[SourceVersionDate "2010.11.25"]
[SourceQuality "1"]

1. e4 e5 2. Nf3 Nc6 3. Bc4 Nf6 4. d3 Bc5 5. Bg5 Be7 6. Nc3 h6 7. Bxf6 Bxf6 8. 0-0 0-0 9. Qd2 d6 10. Bb5 Ne7 11. Nd5 Nxd5 12. exd5 a6 13. Ba4 Bd7 14. Bxd7 Qxd7 15. d4 e4 16. Ne1 Bg5 17. Qe2 Rfe8 18. c4 e3 19. f3 Bf6 20. Nc2 b5 21. Nxe3 Bg5 22. Kf2 Bxe3+ 23. Qxe3 Rxe3 24. Kxe3 bxc4 25. b3 cxb3 26. axb3 Qf5 27. Ra5 Rb8 28. g4 Rxb3+ 29. Ke2 Qc2+ 30. Ke1 Rb1# 0-1

[Event "Sachsen-ch U08"]
[Site "Sebnitz"]
[Date "2009.04.15"]
[Round "2"]
[White "Noack, Jakob"]
[Black "Mueller, Hannes"]
[Result "1-0"]
[WhiteElo "783"]
[BlackElo "660"]
[PlyCount "71"]
[EventDate "2009.04.14"]
[EventType "swiss"]
[EventRounds "7"]
[EventCountry "GER"]
[SourceTitle "EXT 2010"]
[Source "ChessBase"]
[SourceDate "2010.11.25"]
[SourceVersion "1"]
[SourceVersionDate "2010.11.25"]
[SourceQuality "1"]

1. e4 e5 2. Qh5 Nf6 3. Qxe5+ Be7 4. Qg5 Nxe4 5. Qxg7 Rf8 6. Qxh7 Nf6 7. Qg7 d6 8. Qh6 Ng8 9. Qe3 Bf5 10. Nf3 Nc6 11. Be2 Qd7 12. 0-0 0-0-0 13. Bb5 Bxc2 14. Bxc6 Qxc6 15. Qxa7 Bxb1 16. Qa8+ Kd7 17. Qa3 d5 18. Qe3 Rfe8 19. Ne5+ Kd6 20. Nxc6 Kxc6 21. Rxb1 Ba3 22. Qxa3 Ne7 23. d3 Rg8 24. Qa4+ b5 25. Qa6+ Kd7 26. Qxb5+ Nc6 27. Bf4 Rb8 28. Qxd5+ Ke8 29. Qxc6+ Kd8 30. Bxc7+ Kc8 31. Bxb8+ Kxb8 32. Rfe1 Rc8 33. Re8 f6 34. Rxc8+ Ka7 35. Rc7+ Kb8 36. Qb7# 1-0